000 00472nam a2200181Ia 4500
005 20250423095834.0
008 250422s9999 xx 000 0 und d
020 _a9787788990321
050 _aTN870 .R45/
100 _aRell, Tenesha
245 0 _aIntroduction to Petroleum Exploration and Engineering
260 _aBoca Raton
260 _bCRC Press
260 _c2022
300 _a668 p
650 _aPetroleum engineering. Petroleum--Prospecting
942 _cBK
999 _c31486
_d31486